Statistics for Lord of The Rings Trivia #1

Click here to take the quiz!

General Stats

  • This quiz has been taken 7,227 times
    (6,096 since last reset)
  • The average score is 7 of 16

Answer Stats

HintAnswer% Correct
How many rings of power were given to men?9
96%
How many rings of power were given to the elves?3
95%
How many rings of power were given to the dwarves?7
93%
What was the answer to Bilbo's final 'riddle'?The One Ring
86%
Bilbo greets Gandalf with this simple phrase, yet Gandalf questions its exact meaningGood Morning
68%
Gandalf's swordGlamdring (or Beater)
41%
During the time in which The Hobbit is set, Sauron resides hereDol Guldur
38%
Orthanc
34%
Treebeard is known by two names. What is the other?Fangorn
32%
The full inscription on the ringOne Ring to rule them all, One Ring to find them, One Ring to bring them all and in the darkness bind them
31%
Tom Bombadil saves the hobbits from this treeOld Man Willow
29%
The Hobbits find their first swords hereThe Barrow-downs (or Tyrn Gorthad)
16%
The Two TowersMinas Morgul
14%
Originally called Saruman the WhiteSaruman of Many Colours
11%
It is a Bywater joke to refer to Bag End/Bagshot Row as thisSharkey's End
3%
This began in TA 2911Fell Winter
2%

Score Distribution

Percentile by Number Answered

Percent of People with Each Score

Your Score History

You have not taken this quiz since the last reset